Normal view
MARC view
- Institute of Electrical and Electronics Engineers.
Entry Corporate Name
001 - CONTROL NUMBER
- control field: 25745
003 - CONTROL NUMBER IDENTIFIER
- control field: NUST
005 - DATE AND TIME OF LATEST TRANSACTION
- control field: 20191118102535.0
008 - FIXED-LENGTH DATA ELEMENTS
- fixed length control field: 191118|| aca||aabn | a|a d
040 ## - CATALOGING SOURCE
- Original cataloging agency: NUST
- Transcribing agency: NUST
110 ## - HEADING--CORPORATE NAME
- Corporate name or jurisdiction name as entry element: Institute of Electrical and Electronics Engineers.
670 ## - SOURCE DATA FOUND
- Source citation: Work cat.: (NUST)0: IEEE photonics technology letters :, [©1989]-
